000 00472nam a2200181Ia 4500
008 240925s9999 xx 000 0 und d
020 _a8188385905
082 _a621 BHA
100 _aBhardwaj, Mukta Ms
245 0 _aM.C.Q In Electronics Engineering
250 _a1st
260 _aNew Delhi:
_bAcademic press
_c,2007.
300 _axxxv,703p.
_bNA
_fOriginal
500 _aIncludes Index
600 _aElectronic Engineering
650 _aTechnology
942 _cBK
999 _c12270
_d12270